00633nam a2200145Ia 4500008004100000050002400041100002500065245012700090260008600217300002800303521002300331942000700354999001900361952010700380140724s9999 xx 000 0 und d aPN 4784b.L143 2009 aLacorte, John Von S. 2aA study of the treatment given to the NBN-ZTE scandal in the online news of three major newspapers /cJohn Von S. Lacorte. aLas Piñas, Philippines :bSouthville International School and Colleges,cc2009. a55 p. :bill. ;c28 cm. aMass Communication cTH c229045d229045 001040aCLbCLcTHESESd2014-07-24l0oPN 4784 .L143 2009pT0399r2018-05-15 00:00:00w2014-07-24yTH